000 00335nam a22001457a 4500
008 210305b ||||| |||| 00| 0 eng d
020 _a9780321077462
041 _aeng
080 _25th
_a330.101.541
082 _a330.101.541
100 _a52
101 _aMAKRO
245 _aInternational Economics
_cHusted, S
942 _2udc
_cBK
999 _c55856
_d55856